| 000 | 00796nam a2200205 a 4500 | ||
|---|---|---|---|
| 003 | 0 | ||
| 005 | 20250312123210.0 | ||
| 008 | 080725s19uu xx 00 eng d | ||
| 050 |
_aPGS LB 3012.C53 _b.Sy979 2008 |
||
| 100 | _aSy, Mark Stephen. | ||
| 245 |
_aClass ticket and classroom behavior of Grade 6 students / _cMark Stephen Sy. |
||
| 260 |
_aLas PiƱas City, Philippines : _bSouthville International School and Colleges, _c2008. |
||
| 300 |
_a37 pages : _billustrations ; _c28 cm. |
||
| 504 | _aIncludes bibliographical references. | ||
| 650 |
_aSchool discipline _vElementary education. |
||
| 650 |
_aClassroom management _vBehavioral incentives. |
||
| 650 |
_aBehavior modification in children _vEducation. |
||
| 650 |
_aPositive reinforcement _vEducation. |
||
| 942 |
_2lcc _cPASS |
||
| 999 |
_c97943 _d97943 |
||